000 00290nam a2200121Ia 4500
008 220204s9999 xx 000 0 und d
082 _a804
_bPAT
100 _aPatterson, William Robert
245 0 _aColloquial French
250 _aEd.16
260 _aLudhiana
_bKalyani
_c1976
942 _cBK
999 _c29402
_d29402